000
00349nam a2200145Ia 4500
008
100122s9999 xx 000 0 und d
082
_b
11921
_a
823
100
_a
CAMPBELL ARTHUR
245
_a
JUNGLE GREEN
260
_b
TRANSWORLD PUBLISHERS LIMITED
_c
1963
300
_a
190
630
_a
JUNGLE GREEN
730
_a
JUNGLE GREEN
942
_c
BOOK
999
_c
444403
_d
444400